| 000 | 00451nam a22001697a 4500 | ||
|---|---|---|---|
| 003 | SGT | ||
| 020 | _a9788123915319 | ||
| 082 |
_a611 _bB22V |
||
| 100 | _aVENKATESH, D. | ||
| 245 | _aBASIC OF ANATOMY, PHYSIOLOGY AND MICROBIOLOGY | ||
| 250 | _a1ST | ||
| 260 |
_aINDIA _bCBS PUB _c2022 |
||
| 300 | _a369 | ||
| 650 | _aBASIC OF ANATOMY, PHYSIOLOGY AND MICROBIOLOGY | ||
| 653 | _aBASIC OF ANATOMY, PHYSIOLOGY AND MICROBIOLOGY | ||
| 942 |
_2ddc _cBK _057 |
||
| 999 |
_c24930 _d24930 |
||